[Event "10th Boris Kostic mem"]
[Site "Vrsac"]
[EventDate "1983.09.18"]
[Date "1983.09.18"]
[Round "1"]
[White "Duric, Stefan"]
[Black "Kapelan, Milorad"]
[Result "1-0"]
[WhiteElo "2500"]
[BlackElo "2300"]
[PlyCount "51"]
[Source "Perpetual Check"]

1. c4 e6 2. Nc3 d5 3. d4 Be7 4. Nf3 Nf6 5. Bg5 h6 6. Bxf6 Bxf6 7. e3 O-O 8. Rc1
b6 9. Bd3 Bb7 10. O-O Nd7 11. cxd5 exd5 12. Qb3 c6 13. Rfd1 Be7 14. e4 dxe4 15.
Nxe4 Qb8 16. a4 c5 17. Bb1 cxd4 18. Qd3 f5 19. Qxd4 fxe4 20. Qxd7 Bf6 21. Nd2
Re8 22. Nxe4 Bxb2 23. Nd6 Bxc1 24. Rxc1 Bd5 25. Nxe8 Qe5 26. Nc7 1-0

[Event "10th Boris Kostic mem"]
[Site "Vrsac"]
[EventDate "1983.09.18"]
[Date "1983.09.18"]
[Round "1"]
[White "Cebalo, Miso"]
[Black "Bjelajac, Milan"]
[Result "1-0"]
[WhiteElo "2475"]
[BlackElo "2405"]
[PlyCount "88"]
[Source "Perpetual Check"]

1. d4 f5 2. Bg5 c6 3. c4 d6 4. Nc3 Qc7 5. e4 e5 6. exf5 Bxf5 7. Nge2 Be7 8. h4
Bxg5 9. hxg5 Qe7 10. dxe5 Qxe5 11. Qd4 Na6 12. O-O-O O-O-O 13. f4 Qxd4 14. Nxd4
Bd7 15. Bd3 h6 16. Rde1 Rf8 17. g3 Kd8 18. Bc2 Ne7 19. gxh6 Rxh6 20. Rxh6 gxh6
21. Ne6+ Bxe6 22. Rxe6 Ng8 23. Rxd6+ Ke7 24. Rg6 Kf7 25. f5 Nf6 26. Rxh6 Rg8
27. Ne2 Nb4 28. Bb1 c5 29. Nf4 Re8 30. Kd2 Rd8+ 31. Ke2 Nc6 32. Ne6 Nd4+ 33.
Nxd4 Rxd4 34. Rh4 Rd8 35. Be4 Nxe4 36. Rxe4 Kf6 37. g4 Kg5 38. b3 Rh8 39. Kd3
Rh3+ 40. Re3 Rh2 41. Re2 Rh8 42. Re7 Kf4 43. Rg7 a6 44. f6 Rh3+ 1-0

[Event "10th Boris Kostic mem"]
[Site "Vrsac"]
[EventDate "1983.09.18"]
[Date "1983.09.18"]
[Round "1"]
[White "Tarjan, James Edward"]
[Black "Rajkovic, Dusan"]
[Result "1-0"]
[WhiteElo "2535"]
[BlackElo "2500"]
[PlyCount "51"]
[Source "Perpetual Check"]

1. e4 c5 2. Nf3 e6 3. Nc3 a6 4. d4 cxd4 5. Nxd4 Nc6 6. g3 Qc7 7. Bg2 Nf6 8. O-O
Be7 9. Re1 Nxd4 10. Qxd4 Bc5 11. Qd1 d6 12. Bg5 Nd7 13. Na4 Ba7 14. c4 Ne5 15.
Rc1 O-O 16. b3 Re8 17. Bf4 Bc5 18. Nxc5 Qxc5 19. Be3 Qc7 20. c5 dxc5 21. Rxc5
Nc6 22. e5 Qe7 23. Rc4 f5 24. exf6 gxf6 25. Qh5 Ne5 26. Bc5 1-0

[Event "10th Boris Kostic mem"]
[Site "Vrsac"]
[EventDate "1983.09.18"]
[Date "1983.09.19"]
[Round "2"]
[White "Bjelajac, Milan"]
[Black "Tarjan, James Edward"]
[Result "0-1"]
[WhiteElo "2405"]
[BlackElo "2535"]
[PlyCount "80"]
[Source "Perpetual Check"]

1. e4 c5 2. c3 e6 3. d4 d5 4. exd5 exd5 5. Nf3 Nc6 6. Be3 c4 7. b3 cxb3 8. axb3
Bd6 9. Bd3 Nge7 10. O-O O-O 11. Nh4 Be6 12. f4 Ng6 13. Qh5 Qxh4 14. Bxg6 Qxh5
15. Bxh5 Ne7 16. Bc1 Rfc8 17. Ba3 Bxa3 18. Rxa3 a5 19. Be2 Nf5 20. Bd3 Nd6 21.
Rf2 Bd7 22. Rfa2 b6 23. Kf2 Nb5 24. Bxb5 Bxb5 25. Rb2 Bd7 26. c4 dxc4 27. bxc4
Rxc4 28. Rxb6 Kf8 29. Ke3 Rc2 30. d5 Rxg2 31. Rb7 Bf5 32. d6 Re8+ 33. Kd4 Rd8
34. Rxa5 Rxd6+ 35. Rd5 Rxd5+ 36. Kxd5 Rxh2 37. Nc3 g6 38. Rb8+ Kg7 39. Nb5 Rb2
40. Kc5 Bd7 0-1

[Event "10th Boris Kostic mem"]
[Site "Vrsac"]
[EventDate "1983.09.18"]
[Date "1983.09.19"]
[Round "2"]
[White "Suba, Mihai"]
[Black "Agzamov, Georgy"]
[Result "0-1"]
[WhiteElo "2555"]
[BlackElo "2535"]
[PlyCount "120"]
[Source "Perpetual Check"]

1. c4 c5 2. Nf3 Nf6 3. Nc3 e6 4. g3 b6 5. Bg2 Bb7 6. O-O Be7 7. b3 O-O 8. d4
cxd4 9. Qxd4 d6 10. Rd1 Nbd7 11. Ba3 Nc5 12. Ne1 Bxg2 13. Nxg2 a6 14. Ne3 Qd7
15. Bxc5 bxc5 16. Qf4 Qc6 17. Rd2 Ne8 18. Rad1 f5 19. Ng2 g5 20. Qe3 Kf7 21.
Ne1 Bf6 22. Rd3 Rg8 23. Qd2 h5 24. Qe3 h4 25. Qf3 Qxf3 26. Nxf3 hxg3 27. hxg3
g4 28. Nd2 Be5 29. Kg2 Nf6 30. Rh1 Rac8 31. Na4 Rc6 32. Rh2 d5 33. e3 Rd8 34.
Rh1 Rg8 35. Rc1 d4 36. exd4 Bxd4 37. b4 e5 38. b5 Re6 39. Nb3 Ne4 40. Nxd4 exd4
41. b6 Rh6 42. Rdd1 d3 43. Rh1 d2 44. Rcd1 Rxh1 45. Rxh1 Ke6 46. Rd1 Kd6 47.
Rh1 Ke5 48. Nb2 Rb8 49. Rh6 Nf6 50. Kf1 Rxb6 51. Nd1 Kd4 52. Ke2 Kxc4 53. Ne3+
Kc3 54. Nd1+ Kd4 55. Ne3 Kc3 56. Nd1+ Kb4 57. Ne3 Rd6 58. Kd1 Ne4 59. Rxd6 Nxd6
60. Kxd2 Nc4+ 0-1

[Event "10th Boris Kostic mem"]
[Site "Vrsac"]
[EventDate "1983.09.18"]
[Date "1983.09.19"]
[Round "2"]
[White "Ivanovic, Bozidar"]
[Black "Duric, Stefan"]
[Result "1-0"]
[WhiteElo "2515"]
[BlackElo "2500"]
[PlyCount "123"]
[Source "Perpetual Check"]

1. e4 e5 2. Nf3 Nc6 3. Bb5 a6 4. Ba4 Nf6 5. O-O Be7 6. Re1 b5 7. Bb3 O-O 8. d3
d6 9. c3 Be6 10. Nbd2 Bxb3 11. Qxb3 Nd7 12. Qc2 Bf6 13. Nf1 Nc5 14. Ne3 g6 15.
b4 Ne6 16. Bb2 Bg7 17. a4 Qd7 18. Nd5 Rae8 19. c4 Ne7 20. axb5 axb5 21. Ra7
bxc4 22. Qxc4 Nxd5 23. exd5 Nf4 24. Bc1 e4 25. Rxe4 Ne2+ 26. Kh1 Nxc1 27. Qxc1
Ra8 28. Rxa8 Rxa8 29. Re1 Ra1 30. Qf4 Qa4 31. Qd2 Rxe1+ 32. Qxe1 Qa2 33. Kg1
Qxd5 34. Qe8+ Bf8 35. Qe4 Qb5 36. Qc4 Qb7 37. b5 d5 38. Qb3 Bg7 39. Qa4 Qc8 40.
Qa7 h6 41. h3 Bf8 42. Ne5 Qe6 43. Qxc7 Bd6 44. Qd8+ Kg7 45. Nf3 Bc5 46. Qc7 Qd6
47. Qc6 Kf6 48. Qe8 h5 49. h4 Qe6 50. Qh8+ Ke7 51. Nd4 Bxd4 52. Qxd4 Kd7 53.
Qa7+ Kc8 54. Kh2 Qf5 55. Kg1 Qe6 56. Kh2 f6 57. Qa6+ Kd7 58. Qb7+ Kd6 59. Qb6+
Kd7 60. Qb7+ Kd6 61. Qa7 Qd7 62. b6 1-0

[Event "10th Boris Kostic mem"]
[Site "Vrsac"]
[EventDate "1983.09.18"]
[Date "1983.09.20"]
[Round "3"]
[White "Duric, Stefan"]
[Black "Smejkal, Jan"]
[Result "1/2-1/2"]
[WhiteElo "2500"]
[BlackElo "2560"]
[PlyCount "115"]
[Source "Perpetual Check"]

1. e4 g6 2. d4 Bg7 3. c4 d6 4. Nc3 Nf6 5. Nf3 O-O 6. Be2 e5 7. Be3 Nbd7 8. d5
Ng4 9. Bg5 f6 10. Bh4 Nh6 11. Nd2 Nf7 12. b4 a5 13. a3 h5 14. h3 c6 15. Nb3
axb4 16. axb4 Rxa1 17. Qxa1 cxd5 18. cxd5 Qb6 19. Qa5 Qxa5 20. Nxa5 g5 21. Bg3
h4 22. Bh2 f5 23. f3 Nf6 24. Kd2 fxe4 25. fxe4 g4 26. hxg4 Ng5 27. Kd3 Bxg4 28.
Re1 Rf7 29. Bg1 Bxe2+ 30. Rxe2 Nh5 31. Kc2 Nf4 32. Rd2 Rc7 33. Bc5 dxc5 34. d6
Rd7 35. bxc5 Nfe6 36. Rd5 Nd8 37. Kb3 Nge6 38. Kc4 Nc6 39. Kb5 Ned4+ 40. Kb6
Nxa5 41. Kxa5 Bf6 42. Kb6 Kf7 43. Ka7 b5+ 44. Kb8 b4 45. Na4 b3 46. Nb2 Ke8 47.
Kc8 Rd8+ 48. Kc7 Rd7+ 49. Kc8 Nc6 50. Rd1 Na7+ 51. Kb8 Nc6+ 52. Kc8 Ra7 53. d7+
Ke7 54. Nc4 Nd8 55. Nb6 Ne6 56. Nd5+ Kf7 57. c6 Bg5 58. c7 1/2-1/2

[Event "10th Boris Kostic mem"]
[Site "Vrsac"]
[EventDate "1983.09.18"]
[Date "1983.09.20"]
[Round "3"]
[White "Cebalo, Miso"]
[Black "Suba, Mihai"]
[Result "1-0"]
[WhiteElo "2475"]
[BlackElo "2555"]
[PlyCount "79"]
[Source "Perpetual Check"]

1. d4 Nf6 2. c4 e6 3. Nc3 Bb4 4. e3 O-O 5. Bd3 d5 6. Nge2 dxc4 7. Bxc4 e5 8.
O-O Nc6 9. a3 Bd6 10. Nb5 e4 11. Nxd6 Qxd6 12. h3 Be6 13. b3 Na5 14. Bd2 Nxc4
15. Bb4 Qd7 16. bxc4 Rfe8 17. d5 Bxh3 18. gxh3 Qxh3 19. Nf4 Qh4 20. f3 exf3 21.
Rxf3 Qg4+ 22. Ng2 Qxc4 23. Rxf6 gxf6 24. Qf3 a5 25. Be1 Rad8 26. Rd1 Re4 27.
Nf4 f5 28. Qh5 Rd6 29. Qxf5 Rxf4 30. Qxf4 Qe2 31. Rc1 Rxd5 32. Qg3+ Kf8 33.
Rxc7 h6 34. Rc8+ Ke7 35. Qc7+ Kf6 36. Bh4+ Kg7 37. Qg3+ Rg5 38. Bxg5 Qd1+ 39.
Kh2 Qe2+ 40. Qg2 1-0

[Event "10th Boris Kostic mem"]
[Site "Vrsac"]
[EventDate "1983.09.18"]
[Date "1983.09.20"]
[Round "3"]
[White "Tarjan, James Edward"]
[Black "Gligoric, Svetozar"]
[Result "1-0"]
[WhiteElo "2535"]
[BlackElo "2505"]
[PlyCount "83"]
[Source "Perpetual Check"]

1. d4 Nf6 2. c4 e6 3. Nf3 b6 4. g3 Bb7 5. Bg2 Be7 6. Nc3 O-O 7. O-O Ne4 8. Bd2
d5 9. cxd5 exd5 10. Rc1 Nd7 11. Qb3 Nxd2 12. Nxd2 Nf6 13. Rfd1 a5 14. Nf3 Rb8
15. Ne5 c5 16. e3 Ba8 17. e4 dxe4 18. d5 b5 19. Nxe4 c4 20. Qc2 Nxe4 21. Bxe4
g6 22. Nc6 Qd6 23. Nxb8 Rxb8 24. a4 Bg5 25. Ra1 Bd8 26. Bg2 Qc5 27. axb5 Qxb5
28. Ra4 Rc8 29. d6 Bxg2 30. Kxg2 Rc5 31. Raa1 Qc6+ 32. Kg1 h5 33. Qa4 Qa8 34.
Re1 h4 35. Rad1 h3 36. Qe8+ Kg7 37. Qe4 Qxe4 38. Rxe4 a4 39. Re8 a3 40. bxa3 c3
41. Rxd8 c2 42. Rc1 1-0

[Event "10th Boris Kostic mem"]
[Site "Vrsac"]
[EventDate "1983.09.18"]
[Date "1983.09.20"]
[Round "3"]
[White "Rajkovic, Dusan"]
[Black "Bjelajac, Milan"]
[Result "1-0"]
[WhiteElo "2500"]
[BlackElo "2405"]
[PlyCount "77"]
[Source "Perpetual Check"]

1. d4 f5 2. Bg5 c6 3. c4 h6 4. Bf4 Nf6 5. Nc3 g6 6. e3 Bg7 7. Bd3 O-O 8. h3 d5
9. Nf3 e6 10. Qb3 Ne4 11. Rc1 g5 12. Bh2 Kh7 13. Ne5 Nd7 14. Nxd7 Qxd7 15. f3
Nxc3 16. bxc3 b6 17. cxd5 exd5 18. O-O Kh8 19. c4 dxc4 20. Qxc4 Bb7 21. Be5
Bxe5 22. dxe5 Rae8 23. f4 gxf4 24. exf4 c5 25. Rf2 Bd5 26. Qc2 Qe6 27. Rd1 Rd8
28. Rfd2 Bb7 29. Bc4 Rxd2 30. Rxd2 Qg6 31. Rd6 Qg3 32. Rxh6+ Kg7 33. Rd6 Qe3+
34. Qf2 Qc1+ 35. Kh2 Qxc4 36. Qg3+ Kf7 37. Rd7+ Ke8 38. Rxb7 Qe6 39. Qg7 1-0

[Event "10th Boris Kostic mem"]
[Site "Vrsac"]
[EventDate "1983.09.18"]
[Date "1983.09.21"]
[Round "4"]
[White "Smejkal, Jan"]
[Black "Bjelajac, Milan"]
[Result "1/2-1/2"]
[WhiteElo "2560"]
[BlackElo "2405"]
[PlyCount "134"]
[Source "Perpetual Check"]

1. d4 f5 2. Bg5 h6 3. Bh4 g5 4. e3 Nf6 5. Bg3 d6 6. Nc3 Bg7 7. Bc4 e6 8. Bb3
Qe7 9. h4 Bd7 10. Qe2 g4 11. e4 fxe4 12. Nxe4 Nc6 13. O-O-O O-O-O 14. f3 Nxe4
15. Qxe4 gxf3 16. Nxf3 Na5 17. Rhf1 Rhg8 18. Bf4 Rde8 19. Qe3 Bc6 20. Rf2 Nxb3+
21. axb3 Bxf3 22. Rxf3 Qxh4 23. Rh3 Qg4 24. Bxh6 Qxg2 25. Bxg7 Rxg7 26. Kb1 Qg5
27. Qf2 b6 28. Re1 Qg2 29. Qe3 e5 30. Rh4 Rf7 31. Re4 Rf3 32. Qe2 Qxe2 33.
R4xe2 Rf5 34. Kc1 Kd7 35. Kd2 a5 36. Kd3 Rh5 37. Re4 Rh3+ 38. Kd2 Rh2+ 39. Kd3
Rh5 40. R1e3 c5 41. dxe5 Rhxe5 42. Rxe5 Rxe5 43. Rh3 d5 44. Kd2 Re6 45. Rh5 Kc6
46. Rg5 Rh6 47. Rg2 Kb5 48. Rg5 d4 49. Rg8 Rh1 50. Rg6 Rb1 51. Rh6 Ka6 52. Rh8
Rg1 53. Rh6 Kb5 54. Rf6 Rg2+ 55. Kd3 Rg3+ 56. Kd2 Rg7 57. Rd6 Rg2+ 58. Kc1 Rg1+
59. Kd2 Rb1 60. Rh6 Ka6 61. Rh8 c4 62. bxc4 Rxb2 63. Rd8 Rb1 64. Rxd4 a4 65.
Rd8 Kb7 66. Rd7+ Ka6 67. Rd8 Kb7 1/2-1/2

[Event "10th Boris Kostic mem"]
[Site "Vrsac"]
[EventDate "1983.09.18"]
[Date "1983.09.21"]
[Round "4"]
[White "Suba, Mihai"]
[Black "Tarjan, James Edward"]
[Result "1-0"]
[WhiteElo "2555"]
[BlackElo "2535"]
[PlyCount "81"]
[Source "Perpetual Check"]

1. d4 Nf6 2. Nf3 g6 3. g3 d5 4. Bg2 Bg7 5. O-O O-O 6. c4 c6 7. cxd5 cxd5 8. Ne5
Ng4 9. f4 Nxe5 10. dxe5 Nc6 11. Kh1 Be6 12. Nc3 d4 13. Ne4 f6 14. exf6 Bxf6 15.
Nc5 Bf7 16. f5 Bd5 17. e4 Bc4 18. Bh6 Bg7 19. Bxg7 Kxg7 20. Rc1 Bg8 21. Nxb7
Qb6 22. e5 Nxe5 23. Rc5 Nd7 24. Qxd4+ Nf6 25. Qe5 Rae8 26. Rc7 Rf7 27. Nc5 Qd6
28. Ne6+ Kh8 29. Qc3 gxf5 30. Rc6 Qd7 31. Rxf5 Rff8 32. Rd5 Qb7 33. Rd1 Bxe6
34. Rxe6 Qb8 35. Rde1 Qd8 36. h3 Rg8 37. g4 Qc8 38. Bc6 Rd8 39. Qe5 Rd3 40. Bg2
Rf8 41. Rxe7 1-0

[Event "10th Boris Kostic mem"]
[Site "Vrsac"]
[EventDate "1983.09.18"]
[Date "1983.09.21"]
[Round "4"]
[White "Kapelan, Milorad"]
[Black "Agzamov, Georgy"]
[Result "0-1"]
[WhiteElo "2300"]
[BlackElo "2535"]
[PlyCount "72"]
[Source "Perpetual Check"]

1. Nf3 Nf6 2. c4 c5 3. Nc3 d5 4. cxd5 Nxd5 5. g3 Nc6 6. Bg2 Nc7 7. O-O e5 8. d3
Be7 9. Nd2 Be6 10. Nc4 Nd5 11. Bd2 O-O 12. a3 Qd7 13. Rb1 Rfd8 14. Nxd5 Bxd5
15. Bxd5 Qxd5 16. Ne3 Qe6 17. Qe1 a5 18. Ng2 f5 19. a4 c4 20. dxc4 Qxc4 21. b3
Qe4 22. Bc3 Bc5 23. Rb2 Qd5 24. Qb1 Qf7 25. Nh4 e4 26. Ng2 b6 27. Rc2 Nd4 28.
Bxd4 Rxd4 29. Rfc1 Rad8 30. Rc4 Rd2 31. R4c2 R2d6 32. Ne3 f4 33. Ng4 Qe6 34.
Rxc5 bxc5 35. h3 h5 36. Nh2 Qxh3 0-1

[Event "10th Boris Kostic mem"]
[Site "Vrsac"]
[EventDate "1983.09.18"]
[Date "1983.09.22"]
[Round "5"]
[White "Agzamov, Georgy"]
[Black "Ivanovic, Bozidar"]
[Result "1/2-1/2"]
[WhiteElo "2535"]
[BlackElo "2515"]
[PlyCount "33"]
[Source "Perpetual Check"]

1. Nf3 d6 2. d4 f5 3. g3 g6 4. Bg2 Nf6 5. c4 Bg7 6. Nc3 O-O 7. O-O Qe8 8. d5
Na6 9. Be3 Bd7 10. Qb3 c5 11. Qxb7 Nb4 12. Rfc1 Qd8 13. a3 Rb8 14. Qxa7 Nc2 15.
Rxc2 Ra8 16. Qb7 Rb8 17. Qa7 1/2-1/2

[Event "10th Boris Kostic mem"]
[Site "Vrsac"]
[EventDate "1983.09.18"]
[Date "1983.09.22"]
[Round "5"]
[White "Cebalo, Miso"]
[Black "Kapelan, Milorad"]
[Result "1/2-1/2"]
[WhiteElo "2475"]
[BlackElo "2300"]
[PlyCount "71"]
[Source "Perpetual Check"]

1. d4 d5 2. c4 e6 3. Nc3 Be7 4. Nf3 Nf6 5. Bg5 h6 6. Bxf6 Bxf6 7. e3 O-O 8. Rc1
c6 9. Bd3 Nd7 10. cxd5 exd5 11. b4 Nb6 12. h3 Qd6 13. Qb3 Be6 14. O-O Rfc8 15.
Rfd1 Nd7 16. b5 c5 17. Bb1 c4 18. Qc2 Nf8 19. e4 Qd8 20. Qe2 a6 21. exd5 Bxd5
22. Nxd5 Qxd5 23. Be4 Qxb5 24. Rb1 Qe8 25. Rxb7 Rab8 26. Qc2 Rxb7 27. Bxb7 Rc7
28. Rb1 Qe6 29. d5 Qd6 30. Bc6 c3 31. g3 g6 32. Qa4 Kg7 33. Qxa6 Qc5 34. Qa4
Ra7 35. Qc2 Qa3 36. Kg2 1/2-1/2

[Event "10th Boris Kostic mem"]
[Site "Vrsac"]
[EventDate "1983.09.18"]
[Date "1983.09.22"]
[Round "5"]
[White "Rajkovic, Dusan"]
[Black "Suba, Mihai"]
[Result "1/2-1/2"]
[WhiteElo "2500"]
[BlackElo "2555"]
[PlyCount "26"]
[Source "Perpetual Check"]

1. d4 Nf6 2. c4 e6 3. Nc3 Bb4 4. e3 O-O 5. Bd3 c5 6. Nf3 d5 7. O-O Nc6 8. a3
Bxc3 9. bxc3 dxc4 10. Bxc4 Qc7 11. Bd3 e5 12. Nxe5 Nxe5 13. dxe5 Qxe5 1/2-1/2

[Event "10th Boris Kostic mem"]
[Site "Vrsac"]
[EventDate "1983.09.18"]
[Date "1983.09.22"]
[Round "5"]
[White "Bjelajac, Milan"]
[Black "Gligoric, Svetozar"]
[Result "0-1"]
[WhiteElo "2405"]
[BlackElo "2505"]
[PlyCount "82"]
[Source "Perpetual Check"]

1. e4 d6 2. d4 Nf6 3. Nc3 g6 4. g3 Bg7 5. Bg2 O-O 6. Nge2 e5 7. O-O c6 8. h3 b5
9. a3 Nbd7 10. Be3 Bb7 11. f4 exd4 12. Nxd4 a6 13. e5 dxe5 14. Nxc6 Qc7 15.
Nxe5 Nxe5 16. fxe5 Qxe5 17. Bxb7 Qxg3+ 18. Bg2 Qxe3+ 19. Rf2 Rad8 20. Qf3 Qxf3
21. Bxf3 Nd7 22. Rd1 Bxc3 23. bxc3 Ne5 24. Rd4 Nxf3+ 25. Rxf3 Kg7 26. a4 bxa4
27. Rxa4 Ra8 28. c4 Rfc8 29. Kf2 Rc6 30. Ke2 f5 31. Rd3 Re8+ 32. Re3 Rf8 33.
Re7+ Rf7 34. Rxf7+ Kxf7 35. Kd3 Rd6+ 36. Ke3 g5 37. c5 Rh6 38. c4 Ke7 39. Kd4
g4 40. hxg4 fxg4 41. Rb4 g3 0-1

[Event "10th Boris Kostic mem"]
[Site "Vrsac"]
[EventDate "1983.09.18"]
[Date "1983.09.23"]
[Round "6"]
[White "Suba, Mihai"]
[Black "Bjelajac, Milan"]
[Result "1-0"]
[WhiteElo "2555"]
[BlackElo "2405"]
[PlyCount "83"]
[Source "Perpetual Check"]

1. d4 f5 2. g3 Nf6 3. Bg2 g6 4. c4 Bg7 5. Nc3 O-O 6. Nh3 d6 7. d5 c6 8. O-O e5
9. dxe6 Bxe6 10. Qb3 Qe7 11. Ng5 Bc8 12. Bf4 Kh8 13. Qa3 Ne8 14. Rad1 Be5 15.
Bxe5+ Qxe5 16. e4 Nd7 17. exf5 Nb6 18. Nf7+ Rxf7 19. Rfe1 Qxf5 20. Rxe8+ Rf8
21. Rxf8+ Qxf8 22. Ne4 Be6 23. Nxd6 Rd8 24. c5 Nc4 25. Qc3+ Kg8 26. Qe1 Nxd6
27. Qxe6+ Nf7 28. Rxd8 Qxd8 29. Bf1 Kg7 30. Bc4 Ng5 31. Qe3 Qf6 32. Kg2 Nf7 33.
Qb3 Ne5 34. Qxb7+ Kh6 35. Qb3 Ng4 36. Qc2 Qd4 37. h3 Ne5 38. Be2 Qd5+ 39. Kg1
Qxa2 40. Qd2+ g5 41. h4 Qb1+ 42. Kh2 1-0

[Event "10th Boris Kostic mem"]
[Site "Vrsac"]
[EventDate "1983.09.18"]
[Date "1983.09.23"]
[Round "6"]
[White "Kapelan, Milorad"]
[Black "Tarjan, James Edward"]
[Result "0-1"]
[WhiteElo "2300"]
[BlackElo "2535"]
[PlyCount "58"]
[Source "Perpetual Check"]

1. Nf3 c5 2. g3 g6 3. Bg2 Bg7 4. d4 cxd4 5. Nxd4 Nc6 6. Nb3 Nf6 7. c4 O-O 8.
O-O d6 9. Nc3 Be6 10. c5 d5 11. Nb5 Qd7 12. Re1 Rad8 13. N5d4 Bh3 14. Bh1 Ne4
15. Be3 Nxd4 16. Bxd4 e5 17. Be3 f5 18. f3 Nf6 19. Qd2 f4 20. gxf4 Ne4 21. Qc1
Qf5 22. fxe5 Bxe5 23. Nd2 Bxh2+ 24. Kxh2 Qe5+ 25. f4 Rxf4 26. Nxe4 Rf2+ 27.
Kxh3 Rh2+ 28. Kg4 h5+ 29. Kf3 dxe4# 0-1

[Event "10th Boris Kostic mem"]
[Site "Vrsac"]
[EventDate "1983.09.18"]
[Date "1983.09.23"]
[Round "6"]
[White "Ivanovic, Bozidar"]
[Black "Cebalo, Miso"]
[Result "1/2-1/2"]
[WhiteElo "2515"]
[BlackElo "2475"]
[PlyCount "98"]
[Source "Perpetual Check"]

1. e4 c5 2. Nc3 Nc6 3. g3 g6 4. Bg2 Bg7 5. d3 d6 6. Be3 e6 7. Qd2 Qa5 8. Nf3
Nd4 9. O-O Ne7 10. h3 Nxf3+ 11. Bxf3 Nc6 12. Bg2 O-O 13. Bf4 e5 14. Bh6 Nd4 15.
Bxg7 Kxg7 16. f4 f6 17. Rf2 Be6 18. Raf1 exf4 19. Rxf4 Qc7 20. h4 h5 21. Nd1
Bg4 22. Nc3 Be6 23. Kh2 Qd7 24. Qf2 Qe7 25. Nd5 Bxd5 26. exd5 Rae8 27. Re4 Qd8
28. c3 Rxe4 29. Bxe4 Nb5 30. d4 b6 31. a4 Nc7 32. a5 Qe7 33. Bg2 Re8 34. axb6
axb6 35. dxc5 bxc5 36. b4 cxb4 37. cxb4 Qe5 38. Qa2 Nb5 39. Rf4 Nc3 40. Qb3 f5
41. b5 Ne2 42. Rf2 Qd4 43. Qf3 Re3 44. Qxe2 Rxe2 45. Rxe2 Qb4 46. Rf2 Qxb5 47.
Rf4 Qe2 48. Ra4 Kf6 49. Rf4 Ke7 1/2-1/2

[Event "10th Boris Kostic mem"]
[Site "Vrsac"]
[EventDate "1983.09.18"]
[Date "1983.09.23"]
[Round "6"]
[White "Duric, Stefan"]
[Black "Agzamov, Georgy"]
[Result "0-1"]
[WhiteElo "2500"]
[BlackElo "2535"]
[PlyCount "110"]
[Source "Perpetual Check"]

1. d4 Nf6 2. c4 e6 3. Nc3 Bb4 4. e3 c5 5. Nf3 Nc6 6. Be2 Bxc3+ 7. bxc3 d6 8.
O-O e5 9. h3 O-O 10. Qc2 Re8 11. Bb2 e4 12. Nh2 Bf5 13. Rad1 Qe7 14. Rd2 h5 15.
Qd1 Bg6 16. Bc1 Rac8 17. Qa4 b6 18. Ba3 Bf5 19. Rb1 Na5 20. Nf1 Bd7 21. Qd1 Qe6
22. Ng3 Rc7 23. dxc5 dxc5 24. Nxh5 Nxh5 25. Bg4 f5 26. Bxh5 Nxc4 27. Bxe8 Nxd2
28. Bf7+ Kxf7 29. Qxd2 Ba4 30. Qe2 Rd7 31. c4 Rd3 32. Bb2 Kg6 33. f4 Qxc4 34.
Kh2 Qd5 35. Qf2 Kh7 36. Be5 Kg8 37. Rb2 c4 38. Rb4 b5 39. Qe1 a5 40. Rb1 b4 41.
Rc1 c3 42. a3 c2 43. Qg3 Qf7 44. axb4 Rd1 45. Bb2 axb4 46. Qf2 Qg6 47. Qe2 Kh7
48. Qc4 Qd6 49. Qf7 Qd7 50. Qf8 b3 51. Qa3 Qe8 52. Ra1 Rb1 53. Kg3 Qg6+ 54. Kh2
Rxb2 55. Qxb2 Qf6 0-1

[Event "10th Boris Kostic mem"]
[Site "Vrsac"]
[EventDate "1983.09.18"]
[Date "1983.09.25"]
[Round "7"]
[White "Cebalo, Miso"]
[Black "Duric, Stefan"]
[Result "1/2-1/2"]
[WhiteElo "2475"]
[BlackElo "2500"]
[PlyCount "82"]
[Source "Perpetual Check"]

1. d4 Nf6 2. c4 e6 3. Nc3 Bb4 4. e3 b6 5. Nge2 Ba6 6. Ng3 Bxc3+ 7. bxc3 O-O 8.
e4 Ne8 9. Bd3 Nc6 10. Ba3 d6 11. Qa4 Na5 12. O-O c5 13. e5 Qc7 14. Rfd1 f5 15.
f4 Rf7 16. Rac1 g6 17. Be2 dxe5 18. fxe5 Rc8 19. Nf1 Qd7 20. Qxd7 Rxd7 21. dxc5
Rxd1 22. Rxd1 Bxc4 23. Bf3 bxc5 24. Rd7 a6 25. Nd2 Bb5 26. Re7 Bc6 27. Bxc5
Bxf3 28. Nxf3 Rxc5 29. Rxe8+ Kf7 30. Ra8 Nc6 31. Rxa6 h6 32. Nd4 Nxe5 33. Rxe6
Nd3 34. Rc6 Ra5 35. h4 Rxa2 36. h5 Ne5 37. hxg6+ Nxg6 38. Nxf5 h5 39. Rc5 Nf4
40. Nh4 Ke7 41. Kh2 Rc2 1/2-1/2

[Event "10th Boris Kostic mem"]
[Site "Vrsac"]
[EventDate "1983.09.18"]
[Date "1983.09.25"]
[Round "7"]
[White "Tarjan, James Edward"]
[Black "Ivanovic, Bozidar"]
[Result "1/2-1/2"]
[WhiteElo "2535"]
[BlackElo "2515"]
[PlyCount "174"]
[Source "Perpetual Check"]

1. d4 Nf6 2. c4 e6 3. Nf3 Bb4+ 4. Nbd2 c5 5. e3 Nc6 6. a3 Bxd2+ 7. Bxd2 d6 8.
dxc5 dxc5 9. Bc3 Qc7 10. Qc2 e5 11. b4 Qe7 12. Qb2 Nd7 13. Be2 f6 14. O-O O-O
15. b5 Nd8 16. a4 Nf7 17. a5 Re8 18. Nd2 e4 19. Rae1 Rb8 20. Qc2 Nf8 21. Bh5 a6
22. bxa6 bxa6 23. Rb1 Bf5 24. Rb6 Rxb6 25. axb6 Bc8 26. Rb1 g6 27. Be2 Nd6 28.
Nb3 Nd7 29. Na5 Nb7 30. Qd1 Nb8 31. Qd5+ Kg7 32. Nc6 Nxc6 33. Qxc6 Rd8 34. Ra1
Bf5 35. Rxa6 Rd6 36. Qb5 Bd7 37. Qb2 Qd8 38. h3 h5 39. Qb1 Bc6 40. Ra2 Kh6 41.
Kf1 Kg7 42. Ke1 Kf7 43. Rd2 Rxd2 44. Bxd2 Nd6 45. Bc3 Bb7 46. Qa1 Nc8 47. Ba5
Nd6 48. Qd1 Ke6 49. f4 exf3 50. Bxf3 Qa8 51. Bc3 Bxf3 52. gxf3 f5 53. Kf2 Qa2+
54. Qe2 Qb1 55. Qb2 Qh1 56. Bh8 Qh2+ 57. Ke1 Qg1+ 58. Ke2 Qg2+ 59. Ke1 Qxb2 60.
Bxb2 Nb7 61. Kf2 Kd6 62. Bf6 Na5 63. Kg3 Kc6 64. Be7 Nb3 65. Kf4 Kxb6 66. Kg5
Nd2 67. Kxg6 Nxc4 68. Kxh5 Nxe3 69. Kg6 Nd5 70. Bg5 f4 71. Kf5 c4 72. Bxf4 Kc6
73. Ke4 c3 74. Be5 c2 75. Bb2 Kd6 76. Kf5 Ne3+ 77. Ke4 Nd5 78. h4 Ke6 79. Bc1
Nb4 80. Ke3 Kf5 81. Kd2 Nc6 82. Kxc2 Nd4+ 83. Kd3 Nxf3 84. h5 Ne5+ 85. Kd4 Nf7
86. Kd5 Kg4 87. h6 Nxh6 1/2-1/2

[Event "10th Boris Kostic mem"]
[Site "Vrsac"]
[EventDate "1983.09.18"]
[Date "1983.09.26"]
[Round "8"]
[White "Smejkal, Jan"]
[Black "Suba, Mihai"]
[Result "1/2-1/2"]
[WhiteElo "2560"]
[BlackElo "2555"]
[PlyCount "186"]
[Source "Perpetual Check"]

1. c4 Nf6 2. g3 e5 3. Bg2 c6 4. d4 exd4 5. Qxd4 d5 6. cxd5 cxd5 7. Nf3 Nc6 8.
Qd1 Bc5 9. O-O O-O 10. Bg5 d4 11. Nbd2 Re8 12. Ne1 Bg4 13. Ne4 Be7 14. Bxf6
Bxf6 15. Nd3 Be7 16. Rc1 Rc8 17. h3 Bf5 18. Qa4 Qa5 19. Qxa5 Nxa5 20. g4 Be6
21. b4 Nc6 22. a3 b6 23. Nd2 Nb8 24. Nf3 Nc6 25. Nd2 Nb8 26. Nf3 Nc6 27. Rfd1
h6 28. Rd2 Bf6 29. Rdc2 Ne7 30. Nf4 Rxc2 31. Rxc2 Bb3 32. Rb2 Ba4 33. Nh5 Bg5
34. Nxd4 g6 35. Ng3 Bf6 36. Rd2 Rc8 37. Bf3 Rc3 38. Ne4 Rc1+ 39. Kg2 Be5 40. e3
Kg7 41. Ne2 Ra1 42. N4c3 Rxa3 43. Nxa4 Rxa4 44. Rd7 Bf6 45. b5 a6 46. bxa6 Rxa6
47. Rb7 Bh4 48. Ng3 Nc8 49. Be2 Ra7 50. Rb8 Rc7 51. Ba6 Ne7 52. Rxb6 Rc2 53.
Bd3 Rd2 54. Bc4 Nc8 55. Rb4 Nd6 56. Bf1 Kf8 57. Ra4 Ke7 58. Kf3 Rd1 59. Bc4
Nxc4 60. Rxc4 Bxg3 61. Kxg3 Rd5 62. f4 h5 63. Kh4 hxg4 64. hxg4 Kf6 65. e4 Rd1
66. e5+ Kg7 67. f5 gxf5 68. gxf5 Re1 69. Rc5 Rf1 70. Kg4 Rg1+ 71. Kf4 Rf1+ 72.
Ke4 Re1+ 73. Kd5 Rd1+ 74. Kc6 Rf1 75. f6+ Kg6 76. Kd7 Re1 77. Kd6 Rd1+ 78. Rd5
Ra1 79. Rd2 Ra6+ 80. Kd5 Ra5+ 81. Ke4 Ra4+ 82. Rd4 Ra1 83. Rd7 Ra4+ 84. Kd5
Ra5+ 85. Kd6 Ra6+ 86. Kc7 Ra5 87. Re7 Rd5 88. Kc6 Rd1 89. Rd7 Rc1+ 90. Kd6 Rd1+
91. Ke7 Re1 92. Rd5 Re2 93. Kd6 Ra2 1/2-1/2